000 00478nam a2200181Ia 4500
001 13783
005 20260306164826.0
008 260306t2005||||xx |||||||||||||| ||spa||
041 _aESP
082 _a005.133LV
_bL32
100 _aLázaro, Antoni Mánuel
_eAUT
245 0 _aLabview 7.1:
_bprogramacíón gráfica para el control de instrumentación
260 _c2005
300 _a326 páginas :
_c24 cm.
650 _aGEN
654 _aCCC
942 _cLIB
_dJUS
_fJUS
_2ddc
_n
999 _c13783
_d13783